Zákazník je středobod - a výzkum mění svou roli

Štúdia Insight 2020, ktorá si za cieľ kládla nájsť strategické zistenia a praktické rady, ktoré by pomohli marketingovým a výskumným oddeleniam s riadením firmy, ktorá sa chce orientovať na zákazníkov. Akú sú hlavné prvky "customercentricity" a ako ich dosiahnuť. Tri kľúčové dimenzie: celkový a celi...

ver descrição completa

Na minha lista:
Detalhes bibliográficos
Autor principal: Průšová, Petra
Formato: Capítulo de Livro
Idioma:tcheco
Assuntos:
Tags: Adicionar Tag
Sem tags, seja o primeiro a adicionar uma tag!

MARC

LEADER 00000naa a2200000 4500
001 0248297
005 20181016143708.5
041 0 |a cze 
044 |a CZ 
245 1 0 |a Zákazník je středobod - a výzkum mění svou roli  |c Petra Průšová 
520 |a Štúdia Insight 2020, ktorá si za cieľ kládla nájsť strategické zistenia a praktické rady, ktoré by pomohli marketingovým a výskumným oddeleniam s riadením firmy, ktorá sa chce orientovať na zákazníkov. Akú sú hlavné prvky "customercentricity" a ako ich dosiahnuť. Tri kľúčové dimenzie: celkový a celistvý zážitok, posadnutosť zákazníkom, rola výskumu (insight & analytics). 
610 2 0 |a marketing 
610 2 0 |a zákazníci 
610 2 0 |a vzťahy so zákazníkmi 
610 2 0 |a výskum 
610 2 0 |a informácie 
610 2 0 |a dáta 
100 1 |a Průšová, Petra